Lectura y escritura : nuevas propuestas desde la investigación y la práctica /
Guardado en:
| Autor Principal: | |
|---|---|
| Otros Autores: | |
| Formato: | Libro |
| Publicado: |
Buenos Aires :
Kapelusz
|
| Series: | Biblioteca de cultura pedagógica. Serie Didáctica
|
| Materias: | |
| Etiquetas: |
Agregar Etiqueta
Sin Etiquetas, Sea el primero en etiquetar este registro!
|
| LEADER | 01285nam a22002775a 4500 | ||
|---|---|---|---|
| 001 | CEM.cems012728 | ||
| 005 | 20071009144828.0 | ||
| 008 | 130507b######################000#0#####d | ||
| 003 | CEMS | ||
| 020 | |a 9501361373 | ||
| 082 | 0 | 4 | |a 372.6 |
| 100 | 1 | |a Borzone de Manrique, Ana María | |
| 245 | 1 | 0 | |a Lectura y escritura : |b nuevas propuestas desde la investigación y la práctica / |c Ana María Borzono de Manrique, Mabel Susana Marro |
| 260 | |a Buenos Aires : |b Kapelusz | ||
| 300 | |a 100 p. | ||
| 490 | 0 | |a Biblioteca de cultura pedagógica. Serie Didáctica | |
| 505 | 0 | |a Programa ECOS -- Experiencias comunicativas en situaciones variadas de lectura y escritura -- Discursos y textos -- Las intervenciones del docente en el proceso de enseñnaza-aprendizaje -- La lectura y la escritura en el aula -- La investigación en lectura y escritura -- El desarrollo linguístico -- El aprendizaje de la lectoescritura -- La escritura -- Lectura | |
| 653 | |a Lecto-escritura | ||
| 653 | |a Lectura-didáctica | ||
| 653 | |a Escritura-didáctica | ||
| 653 | |a Didáctica de la lectura | ||
| 653 | |a Didáctica de la escritura | ||
| 653 | |a Lectura-enseñanza | ||
| 653 | |a Escritura-enseñanza | ||
| 700 | 1 | |a Marro, Mabel Susana | |
| 859 | |a CEMS |b BIB. CEMS - 11 de abril |h 372.6 |i B649 |p 23991.07 |t Ej.1 | ||
